Advanced accounts (Record no. 3791)

000 -LEADER
fixed length control field 00583nam a22002291 4500
001 - CONTROL NUMBER
control field 3791
003 - CONTROL NUMBER IDENTIFIER
control field BD-DhUET
008 - FIXED-LENGTH DATA ELEMENTS--GENERAL INFORMATION
fixed length control field 740123s1966 ii k 000 0 eng
020 ## - INTERNATIONAL STANDARD BOOK NUMBER
International Standard Book Number 8121902789
040 ## - CATALOGING SOURCE
Original cataloging agency DLC
Transcribing agency DLC
Modifying agency BD-DhUET
082 00 - DEWEY DECIMAL CLASSIFICATION NUMBER
Classification number 657
Item number SHU/1999
100 1# - MAIN ENTRY--PERSONAL NAME
Personal name Shukla, M. C.
245 10 - TITLE STATEMENT
Title Advanced accounts
Statement of responsibility, etc. by M. C. Shukla and T. S. Grewal
250 ## - EDITION STATEMENT
Edition statement 14th ed.
260 ## - PUBLICATION, DISTRIBUTION, ETC. (IMPRINT)
Place of publication, distribution, etc. New Delhi
Name of publisher, distributor, etc. S, chand
Date of publication, distribution, etc. 1999
300 ## - PHYSICAL DESCRIPTION
Extent v.p.
Other physical details ill.
Dimensions 25 cm.
504 ## - BIBLIOGRAPHY, ETC. NOTE
Bibliography, etc Includes bibliographies
650 #0 - SUBJECT ADDED ENTRY--TOPICAL TERM
Topical term or geographic name as entry element Accounting
700 ## - ADDED ENTRY--PERSONAL NAME
Personal name Grewal, T. S.
700 ## - ADDED ENTRY--PERSONAL NAME
Personal name Gupta, S. C.
942 ## - ADDED ENTRY ELEMENTS (KOHA)
Koha item type General Book
Holdings
Price effective from Withdrawn status Koha item type Piece designation (barcode) Not for loan Damaged status Lost status Shelving location Sublocation or collection (holding branch) Source of classification or shelving scheme Koha full call number Koha normalized classification for sorting Location (home branch) Date acquired Koha date last seen Copy number
2014-11-05 General Book93656   Circulation sectionCentral Library, BUET 657/SHU/1999657SHU1999Central Library, BUET2014-11-052014-11-051
2014-11-05 General Book93657   Circulation sectionCentral Library, BUET 657/SHU/1999657SHU1999Central Library, BUET2014-11-052014-11-052
2014-11-05 General Book93658   Circulation sectionCentral Library, BUET 657/SHU/1999657SHU1999Central Library, BUET2014-11-052014-11-053
2014-11-05 General Book93659   Circulation sectionCentral Library, BUET 657/SHU/1999657SHU1999Central Library, BUET2014-11-052014-11-054
2014-11-05 General Book93660   Circulation sectionCentral Library, BUET 657/SHU/1999657SHU1999Central Library, BUET2014-11-052014-11-055
2014-11-05 General Book93661   Circulation sectionCentral Library, BUET 657/SHU/1999657_000000000000000_SHU_1999Central Library, BUET2014-11-052014-11-056
2014-11-05 General Book93662   Circulation sectionCentral Library, BUET 657/SHU/1999657SHU1999Central Library, BUET2014-11-052014-11-057
2014-11-05 General Book93655   Circulation sectionCentral Library, BUET 657/SHU/1999657_000000000000000_SHU_1999Central Library, BUET2014-11-052014-11-058
2015-06-20 Reading Item93654   Reading sectionCentral Library, BUET 657/SHU/1999657_000000000000000_SHU_1999Central Library, BUET2015-06-202015-06-209
2015-06-20 Reading Item93653   Reading sectionCentral Library, BUET 657/SHU/1999657_000000000000000_SHU_1999Central Library, BUET2015-06-202015-06-2010